Sports Quiz

Random Sports or NCAA Quiz

Final Four Cities Quiz Stats

 Plays Quiz Updated Oct 11, 2018

Challenge
Share
Tweet
Embed
Score 0/30 Timer 05:00
1 Play Today
# Times City % Correct
7New York City (NY)
92.1%
2Los Angeles (CA)
86.8%
1Dallas (TX)
85.4%
3Houston (TX)
83.2%
7Indianapolis (IN)
82.4%
4Atlanta (GA)
79%
5New Orleans (LA)
77.5%
4San Antonio (TX)
74.7%
5Seattle (WA)
71.7%
3St. Louis (MO)
70.7%
2Philadelphia (PA)
66.4%
1Detroit (MI)
64.9%
10Kansas City (MO)
64.2%
1San Francisco (CA)
63.8%
3Minneapolis (MN)
63.2%
# Times City % Correct
1Denver (CO)
60.8%
1San Diego (CA)
60%
1Charlotte (NC)
53.7%
1Portland (OR)
48.9%
6Louisville (KY)
46.9%
1Salt Lake City (UT)
41.2%
1Lexington (KY)
34.3%
1Glendale (AZ)
28.4%
1Albuquerque (NM)
22.9%
1St. Petersburg (FL)
19.5%
1Arlington (TX)
18.9%
1Greensboro (NC)
17.3%
1East Rutherford (NJ)
16.3%
2College Park (MD)
10%
2Evanston (IL)
7.3%

You're not logged in!

Compare scores with friends on all Sporcle quizzes.
OR
Log In

You Might Also Like...

Show Comments

Extras

Top Quizzes Today


Score Distribution

Your Account Isn't Verified!

In order to create a playlist on Sporcle, you need to verify the email address you used during registration. Go to your Sporcle Settings to finish the process.

Report this User

Report this user for behavior that violates our Community Guidelines.

Details: